K niektorým otázkam poskytovateľov štátnej pomoci ako veriteľov v reštrukturalizácii podniku

Autorky v článku reagujú na aktuálnu problematiku poskytovateľov štátnej pomoci ako veriteľov v procese reštrukturalizácie podniku. Hodnotia legislatívnu úpravu, poukazujú na jej úskalia a načrtávajú isté smery, ktorými by sa mohla v budúcnosti uberať. Tiež hľadajú odpoveď na otázku, či a za akých p...

Descripción completa

Guardado en:
Detalles Bibliográficos
Autor principal: Kmeťová, Oľga, 1959-
Otros Autores: Czillingová, Jana
Formato: Capítulo de libro
Lenguaje:eslovaco
Materias:
Etiquetas: Agregar Etiqueta
Sin Etiquetas, Sea el primero en etiquetar este registro!

MARC

LEADER 00000naa a2200000 4500
001 0167239
005 20240502072922.0
041 0 |a slo 
044 |a SK 
245 1 0 |a K niektorým otázkam poskytovateľov štátnej pomoci ako veriteľov v reštrukturalizácii podniku  |c Oľga Kmeťová, Jana Czillingová 
520 |a Autorky v článku reagujú na aktuálnu problematiku poskytovateľov štátnej pomoci ako veriteľov v procese reštrukturalizácie podniku. Hodnotia legislatívnu úpravu, poukazujú na jej úskalia a načrtávajú isté smery, ktorými by sa mohla v budúcnosti uberať. Tiež hľadajú odpoveď na otázku, či a za akých podmienok môžu poskytovatelia štátnej pomoci hlasovať za reštrukturalizačný plán. 
610 2 0 |a podnik 
610 2 0 |a reštrukturalizácia finančná 
610 2 0 |a veritelia 
610 2 0 |a pomoc štátna 
610 2 0 |a úpravy právne 
100 1 |a Kmeťová, Oľga, 1959- 
700 1 |a Czillingová, Jana